| 000 | 00365nam a2200145Ia 4500 | ||
|---|---|---|---|
| 008 | 230917s9999||||xx |||||||||||||| ||und|| | ||
| 040 |
_e218691 _aMAIN |
||
| 041 | _aEnglish | ||
| 082 | _a333.7 M897U | ||
| 100 | _aMuley, Gunakar | ||
| 245 | 0 | _aUrja-sankat aur hamara bhavishya | |
| 260 |
_aNew Delhi _bRajkamal Prakashan _c2013 |
||
| 300 | _a163 p. | ||
| 942 | _cBK | ||
| 999 |
_c176935 _d176935 |
||